[Event "LEM M-V 2022"]
[Site "Neubrandenburg, Germany"]
[Date "2022.04.09"]
[Round "1.1"]
[White "Fromm, Marius"]
[Black "Röhl, Rainer"]
[Result "0-1"]
[WhiteElo "2341"]
[BlackElo "1970"]
[PlyCount "84"]
[EventDate "2022.04.09"]

1. e4 c5 2. Nf3 g6 3. d4 cxd4 4. Qxd4 Nf6 5. Nc3 Nc6 6. Qa4 d6 7. e5 dxe5 8.
Nxe5 Bd7 9. Nxd7 Qxd7 10. Be3 Bg7 11. Be2 O-O 12. Rd1 Qf5 13. O-O a6 14. Bf3
Rac8 15. h3 h5 16. Rd2 Rfd8 17. Rfd1 Rxd2 18. Rxd2 Rd8 19. Rxd8+ Nxd8 20. Ne4
b5 21. Qxa6 Nxe4 22. Qa8 Ng5 23. Qxd8+ Kh7 24. Bb7 Ne6 25. Qxe7 Qxc2 26. b4 Nd4
27. Qe4 Ne2+ 28. Kh2 Qd1 29. f4 Qe1 30. Qf3 Nd4 31. Qf2 Qxb4 32. Bd5 Ne6 33.
Bb3 Qd6 34. Kh1 f5 35. Qf3 Nd4 36. Qd5 Qf6 37. Qg8+ Kh6 38. Bd5 Ne2 39. Bf3
Ng3+ 40. Kg1 Qa1+ 41. Kf2 h4 42. Bb6 Qb2+ 0-1

[Event "LEM M-V 2022"]
[Site "Neubrandenburg, Germany"]
[Date "2022.04.09"]
[Round "1.2"]
[White "Helms, Sven"]
[Black "Schulz, Karsten"]
[Result "1/2-1/2"]
[WhiteElo "1933"]
[BlackElo "2301"]
[PlyCount "92"]
[EventDate "2022.04.09"]

1. e4 g6 2. d4 Bg7 3. f4 c5 4. c3 cxd4 5. cxd4 d5 6. e5 Nc6 7. Nc3 Nh6 8. Bb5
O-O 9. Nge2 f6 10. Qb3 fxe5 11. Qxd5+ Qxd5 12. Nxd5 Nxd4 13. Nxd4 exd4 14.
Nxe7+ Kf7 15. Nxc8 Raxc8 16. O-O Nf5 17. Bd2 Rc2 18. Bb4 Rd8 19. Bd3 Rxb2 20.
Ba3 Rd2 21. Bc4+ Kf6 22. Bb4 Rxg2+ 23. Kxg2 Ne3+ 24. Kf3 Nxc4 25. Rac1 b5 26.
a4 a6 27. axb5 axb5 28. Ra1 Bf8 29. Ra6+ Kf5 30. Rg1 Ne5+ 31. fxe5 Bxb4 32. Rb1
d3 33. Rxb4 d2 34. Ra1 d1=Q+ 35. Rxd1 Rxd1 36. Rxb5 Rd3+ 37. Kf2 Rd2+ 38. Kg3
Rd7 39. h4 Rd3+ 40. Kg2 Re3 41. h5 Rxe5 42. Rb7 gxh5 43. Rxh7 Kg4 44. Rg7+ Kh4
45. Ra7 Re2+ 46. Kg1 Re4 1/2-1/2

[Event "LEM M-V 2022"]
[Site "Neubrandenburg, Germany"]
[Date "2022.04.09"]
[Round "1.3"]
[White "Westphal, Wolfgang"]
[Black "Schreiber, Felix"]
[Result "1-0"]
[WhiteElo "2145"]
[BlackElo "1984"]
[PlyCount "69"]
[EventDate "2022.04.09"]

1. e4 c5 2. Nf3 d6 3. Bb5+ Bd7 4. Bxd7+ Nxd7 5. O-O g6 6. d4 cxd4 7. Qxd4 Ngf6
8. Nc3 Bg7 9. Be3 O-O 10. Qd2 Ng4 11. Bd4 Nge5 12. Bxe5 Nxe5 13. Nxe5 dxe5 14.
Rfd1 Qxd2 15. Rxd2 Rfd8 16. Rad1 Rxd2 17. Rxd2 Kf8 18. Rd7 Rb8 19. Kf1 Ke8 20.
Rc7 Kd8 21. Nd5 Bf8 22. Rc3 e6 23. Ne3 Rc8 24. Rd3+ Ke7 25. b3 b5 26. c4 b4 27.
Ke2 Rd8 28. Nc2 Rxd3 29. Kxd3 Kd7 30. g3 Kc6 31. f4 f6 32. fxe5 fxe5 33. Ne1
Bg7 34. Ke3 Kc5 35. Nd3+ 1-0

[Event "LEM M-V 2022"]
[Site "Neubrandenburg, Germany"]
[Date "2022.04.09"]
[Round "1.4"]
[White "Tovmasyan, Minas"]
[Black "Schreiber, Kevin"]
[Result "1/2-1/2"]
[WhiteElo "1846"]
[BlackElo "2017"]
[PlyCount "47"]
[EventDate "2022.04.09"]

1. d4 Nf6 2. c4 e6 3. Nf3 Bb4+ 4. Nbd2 Nc6 5. g3 h5 6. a3 Bxd2+ 7. Qxd2 d5 8.
Bg2 Ne4 9. Qd3 h4 10. Nxh4 g5 11. Nf3 Qf6 12. Be3 Rh5 13. Nd2 Nxd2 14. Qxd2 g4
15. f3 e5 16. cxd5 Nxd4 17. Bxd4 exd4 18. Rd1 Rxd5 19. fxg4 Rd6 20. g5 Qe5 21.
Qf4 Qa5+ 22. Rd2 Be6 23. O-O O-O-O 24. Rfd1 1/2-1/2

[Event "LEM M-V 2022"]
[Site "Neubrandenburg, Germany"]
[Date "2022.04.09"]
[Round "1.5"]
[White "Luther, Alexander"]
[Black "Onasch, Gunnar"]
[Result "1-0"]
[WhiteElo "2077"]
[BlackElo "1822"]
[PlyCount "69"]
[EventDate "2022.04.09"]

1. d4 Nf6 2. c4 e6 3. Nc3 Bb4 4. f3 c5 5. d5 Bxc3+ 6. bxc3 d6 7. e4 O-O 8. Bd3
e5 9. Ne2 a6 10. O-O Re8 11. Ng3 Nbd7 12. f4 exf4 13. Bxf4 Ne5 14. Bg5 Neg4 15.
Nh5 Re5 16. Qc1 Qf8 17. Nxf6+ Nxf6 18. Bxf6 gxf6 19. Rxf6 Qg7 20. Qh6 b5 21.
Qxg7+ Kxg7 22. Rxd6 bxc4 23. Bc2 Rb8 24. Rb1 Rb5 25. Rc6 Re8 26. Rxb5 axb5 27.
Rxc5 Bd7 28. Rc7 Bc8 29. h3 Kf6 30. Kf2 h5 31. Ke3 Rg8 32. Bd1 h4 33. Bf3 Rd8
34. Kf4 Re8 35. e5+ 1-0

[Event "LEM M-V 2022"]
[Site "Neubrandenburg, Germany"]
[Date "2022.04.09"]
[Round "1.6"]
[White "Knoop, Sascha"]
[Black "Gebert-Vangeel, Ralf"]
[Result "0-1"]
[WhiteElo "1830"]
[BlackElo "2061"]
[PlyCount "82"]
[EventDate "2022.04.09"]

1. d4 d5 2. c4 c6 3. Nf3 Nf6 4. e3 Bf5 5. Nc3 e6 6. Nh4 Bg4 7. f3 Bh5 8. g3 Bd6
9. Bd2 Qc7 10. Qe2 dxc4 11. e4 Be7 12. Qxc4 Nbd7 13. Be2 a6 14. a4 O-O 15. Kf2
Nb6 16. Qb3 Qd8 17. Ng2 c5 18. dxc5 Bxc5+ 19. Be3 Qe7 20. Rac1 Nbd7 21. Rhd1 g5
22. Kf1 Bxe3 23. Nxe3 Ne5 24. Kf2 Bg6 25. h3 Nc6 26. Qb6 Rfd8 27. Bf1 h5 28. g4
h4 29. Nc4 Rab8 30. e5 Nd7 31. Qe3 Qc5 32. Qxc5 Nxc5 33. Re1 Nb4 34. Ne4 Bxe4
35. fxe4 Ncd3+ 36. Kg2 Nxe1+ 37. Rxe1 Nd3 38. Bxd3 Rxd3 39. Re2 b5 40. axb5
Rxb5 41. Rf2 Rd7 0-1

[Event "LEM M-V 2022"]
[Site "Neubrandenburg, Germany"]
[Date "2022.04.09"]
[Round "1.7"]
[White "Patzenhauer, Max"]
[Black "Wolter, Günter"]
[Result "1-0"]
[WhiteElo "1938"]
[BlackElo "1819"]
[PlyCount "99"]
[EventDate "2022.04.09"]

1. d4 Nf6 2. Nf3 g6 3. c4 Bg7 4. Nc3 d6 5. Bg5 O-O 6. e3 Re8 7. Be2 e5 8. dxe5
dxe5 9. Qxd8 Rxd8 10. Nd5 Rxd5 11. cxd5 Nxd5 12. O-O-O c6 13. e4 h6 14. exd5
hxg5 15. Kb1 g4 16. Ne1 c5 17. Nc2 Bf5 18. Bd3 e4 19. Be2 Nd7 20. Ne3 a6 21.
Bxg4 Bxg4 22. Nxg4 Bd4 23. Kc2 f5 24. Ne3 Nf6 25. h3 f4 26. Ng4 Nxd5 27. Rhe1
Re8 28. a3 Kf7 29. b4 b6 30. Kb3 Nc3 31. Rc1 Nd5 32. Kc4 Nc7 33. bxc5 Bxc5 34.
Rcd1 Nb5 35. a4 Nd6+ 36. Kd5 Nf5 37. Ne5+ Kg7 38. Kxe4 Bxf2 39. Rd7+ Kf6 40.
Rf7+ Kg5 41. Rd1 Ng3+ 42. Kd5 Nf5 43. Nf3+ Kh6 44. Kc6 Re6+ 45. Kd7 Re4 46. Kc7
Nd4 47. Rh7+ Kxh7 48. Ng5+ Kh6 49. Nxe4 Be3 50. Kxb6 1-0

[Event "LEM M-V 2022"]
[Site "Neubrandenburg, Germany"]
[Date "2022.04.09"]
[Round "1.8"]
[White "Kriese, Ralf"]
[Black "Großmann, Piet"]
[Result "0-1"]
[WhiteElo "1700"]
[BlackElo "1971"]
[PlyCount "34"]
[EventDate "2022.04.09"]

1. e4 e6 2. d4 d5 3. exd5 exd5 4. Bd3 Nc6 5. c3 Bd6 6. Nf3 Bg4 7. Qe2+ Nge7 8.
Bg5 f6 9. Bh4 Qd7 10. Nbd2 O-O-O 11. O-O-O Rde8 12. h3 Bf5 13. Rhe1 Ng6 14.
Bxf5 Qxf5 15. Qf1 Nf4 16. Rxe8+ Rxe8 17. Ne1 Ne2+ 0-1

[Event "LEM M-V 2022"]
[Site "Neubrandenburg, Germany"]
[Date "2022.??.??"]
[Round "1.1"]
[White "Marzisch, Jens"]
[Black "Kunze, Kerstin"]
[Result "1/2-1/2"]
[WhiteElo "1563"]
[BlackElo "2056"]
[PlyCount "39"]
[EventDate "2022.04.09"]

1. d4 d5 2. Nf3 e6 3. e3 c5 4. Bd3 Nc6 5. c3 Bd6 6. O-O Nf6 7. Nbd2 O-O 8. Re1
e5 9. e4 cxd4 10. cxd4 Nb4 11. Bb1 dxe4 12. dxe5 exf3 13. Nxf3 Be7 14. Qxd8
Rxd8 15. exf6 Bxf6 16. a3 Nc6 17. Be4 Na5 18. Bg5 Bxg5 19. Nxg5 h6 20. Nf3
1/2-1/2

[Event "LEM M-V 2022"]
[Site "Neubrandenburg, Germany"]
[Date "2022.??.??"]
[Round "1.2"]
[White "Kunow, Frank"]
[Black "Subocz, Gabriel"]
[Result "1-0"]
[WhiteElo "1907"]
[BlackElo "1102"]
[PlyCount "55"]
[EventDate "2022.04.09"]

1. Nf3 Nf6 2. c4 g6 3. g3 Bg7 4. Bg2 d6 5. O-O O-O 6. Nc3 c6 7. d3 e5 8. h3 a6
9. a4 Nbd7 10. Rb1 Rb8 11. Ng5 h6 12. Nge4 Qc7 13. Nd2 b5 14. b4 Bb7 15. Bb2 c5
16. Bxb7 Rxb7 17. axb5 cxb4 18. bxa6 bxc3 19. axb7 cxb2 20. Rxb2 Nc5 21. Qa1
Rb8 22. Rfb1 e4 23. d4 e3 24. fxe3 Nfd7 25. Qa7 d5 26. Nf1 dxc4 27. Rc2 Nb3 28.
Rxb3 1-0

[Event "LEM M-V 2022"]
[Site "Neubrandenburg, Germany"]
[Date "2022.??.??"]
[Round "1.3"]
[White "Ehrich, Dieter"]
[Black "Herrmann, Jakob"]
[Result "0-1"]
[WhiteElo "1583"]
[BlackElo "1612"]
[PlyCount "62"]
[EventDate "2022.04.09"]

1. c4 Nf6 2. g3 g6 3. Bg2 Bg7 4. Nf3 O-O 5. Nc3 d6 6. d3 e5 7. O-O Nc6 8. a3
Nh5 9. Qc2 h6 10. b4 f5 11. Bb2 g5 12. Nd5 g4 13. Nh4 Rf7 14. e3 Ne7 15. f4 c6
16. Nxe7+ Qxe7 17. fxe5 dxe5 18. d4 e4 19. d5 Qg5 20. Rae1 Bxb2 21. Qxb2 cxd5
22. cxd5 Nf6 23. Qe5 Nd7 24. Qe8+ Nf8 25. d6 b6 26. Bxe4 Bb7 27. d7 Bxe4 28.
Rxf5 Bxf5 29. Qxa8 Bxd7 30. Qxa7 Qf6 31. Qc7 Qf2+ 0-1

[Event "LEM M-V 2022"]
[Site "Neubrandenburg, Germany"]
[Date "2022.??.??"]
[Round "1.4"]
[White "Bartel, Jethro Aldrich"]
[Black "Betke, Arno"]
[Result "1-0"]
[WhiteElo "1592"]
[BlackElo "1753"]
[PlyCount "49"]
[EventDate "2022.04.09"]

1. e4 e6 2. d4 d5 3. e5 c5 4. c3 Qb6 5. Nf3 Nc6 6. Bd3 Bd7 7. dxc5 Bxc5 8. O-O
Qc7 9. Re1 Nge7 10. Qe2 h6 11. b4 Bb6 12. Na3 a6 13. b5 Nb8 14. Rb1 Bc5 15. Rb3
axb5 16. Nxb5 Bxb5 17. Bxb5+ Nbc6 18. Nh4 g5 19. Nf3 Ng6 20. Nd4 Ke7 21. Bxc6
bxc6 22. Qf3 Nxe5 23. Rxe5 Rxa2 24. Re1 Qa5 25. Nxc6+ 1-0

[Event "LEM M-V 2022"]
[Site "Neubrandenburg, Germany"]
[Date "2022.??.??"]
[Round "1.5"]
[White "Moritz, Egon"]
[Black "Schulz, Gerhard"]
[Result "0-1"]
[WhiteElo "1650"]
[BlackElo "1844"]
[PlyCount "76"]
[EventDate "2022.04.09"]

1. d4 Nf6 2. c4 e6 3. Nc3 Bb4 4. a3 Bxc3+ 5. bxc3 b6 6. Nf3 Bb7 7. Bg5 O-O 8.
e3 d6 9. Be2 Nbd7 10. O-O c5 11. h3 Qe8 12. Nd2 e5 13. d5 e4 14. a4 h6 15. Bf4
Ne5 16. a5 bxa5 17. Rxa5 Qd8 18. Qa4 Qe8 19. Qc2 g5 20. Bg3 Qd7 21. Nxe4 Nxe4
22. Qxe4 f5 23. Qc2 Qg7 24. Rfa1 f4 25. exf4 gxf4 26. Bh2 f3 27. Bf1 fxg2 28.
Be2 Bc8 29. Bxe5 dxe5 30. Qd3 Kh8 31. h4 Qf6 32. Qe3 Qxh4 33. Qxe5+ Kg8 34.
Qg3+ Qxg3 35. fxg3 Bh3 36. Rxc5 Rae8 37. Bd3 Re3 38. Rd1 Rxd3 0-1

[Event "LEM M-V 2022"]
[Site "Neubrandenburg, Germany"]
[Date "2022.??.??"]
[Round "1.6"]
[White "Wesener, Lorenz"]
[Black "Ederle, Artöm"]
[Result "0-1"]
[WhiteElo "1774"]
[BlackElo "1547"]
[PlyCount "76"]
[EventDate "2022.04.09"]

1. c4 Nf6 2. g3 c6 3. Bg2 d5 4. cxd5 cxd5 5. Nf3 Nc6 6. O-O e5 7. d3 h6 8. b3
Be7 9. Bb2 d4 10. Nbd2 O-O 11. Nc4 Nd7 12. Ne1 Nb6 13. Nf3 Nxc4 14. bxc4 Rb8
15. Qa4 a6 16. Ba3 b5 17. Bxe7 Qxe7 18. cxb5 axb5 19. Qb3 Be6 20. Qb2 Rfc8 21.
Nd2 Nb4 22. a3 Rc2 23. Qxb4 Qxb4 24. axb4 Rxd2 25. Rfe1 Rc8 26. Ra5 Bd7 27. Ra7
Be8 28. Bh3 Rb8 29. Rc1 Rb2 30. Rcc7 Rxb4 31. Re7 Ra4 32. Rac7 Kf8 33. Rxe5 b4
34. Ree7 b3 35. Be6 b2 36. Bxf7 b1=Q+ 37. Kg2 Bc6+ 38. f3 Rb7 0-1

[Event "LEM M-V 2022"]
[Site "Neubrandenburg, Germany"]
[Date "2022.??.??"]
[Round "1.7"]
[White "Radloff, Arno"]
[Black "Winkler, Karl"]
[Result "1/2-1/2"]
[WhiteElo "1595"]
[BlackElo "1922"]
[PlyCount "53"]
[EventDate "2022.04.09"]

1. d4 Nf6 2. c4 e6 3. Nf3 Bb4+ 4. Bd2 Bxd2+ 5. Qxd2 O-O 6. Nc3 d5 7. e3 b6 8.
cxd5 Nxd5 9. Rc1 Bb7 10. Be2 Nd7 11. O-O c5 12. Nxd5 Bxd5 13. b3 Rc8 14. Rc3
Nf6 15. Qb2 Ne4 16. Rcc1 Qf6 17. Ne5 Qe7 18. dxc5 Nxc5 19. Nd3 Nxd3 20. Bxd3
Qg5 21. g3 Qg4 22. Be2 Qh3 23. f3 Qh6 24. Qd2 Rfd8 25. Rxc8 Rxc8 26. Rc1 Ra8
27. Rc7 1/2-1/2

[Event "LEM M-V 2022"]
[Site "Neubrandenburg, Germany"]
[Date "2022.??.??"]
[Round "1.8"]
[White "Wulff, Jens-Peter"]
[Black "Langbein, Wolfgang"]
[Result "1-0"]
[WhiteElo "1790"]
[BlackElo "1376"]
[PlyCount "97"]
[EventDate "2022.04.09"]

1. d4 Nf6 2. Bf4 d6 3. Nd2 g6 4. c3 Bg7 5. e4 O-O 6. Bd3 Ne8 7. Ne2 e5 8. Be3
exd4 9. cxd4 Kh8 10. f4 f5 11. O-O fxe4 12. Nxe4 Nd7 13. N2g3 Ndf6 14. Qb3 c6
15. Ng5 d5 16. h3 Nd6 17. f5 gxf5 18. Nxf5 Nxf5 19. Bxf5 Bxf5 20. Rxf5 Qd7 21.
Qd3 h6 22. Nf3 Ne4 23. Rh5 Rf5 24. Rh4 Raf8 25. Ne5 Qe6 26. Rg4 R8f6 27. Nf3
Rh5 28. Nd2 Nxd2 29. Bxd2 Rhf5 30. Re1 Qf7 31. Bb4 Bf8 32. Bxf8 Qxf8 33. Qg3
Rf7 34. Rg6 Kh7 35. Ree6 R5f6 36. Rgxf6 Rxf6 37. Qd3+ Kh8 38. Re5 Kg7 39. Qe2
Kh7 40. Re8 Qg7 41. Re7 Rf7 42. Qd3+ Kg8 43. Re3 Kf8 44. Qa3+ Re7 45. Qd6 Qg5
46. Rf3+ Ke8 47. Rg3 Re1+ 48. Kh2 Qe7 49. Rg8+ 1-0

[Event "LEM M-V 2022"]
[Site "Neubrandenburg, Germany"]
[Date "2022.??.??"]
[Round "1.9"]
[White "Wesner, Andy"]
[Black "Röste, Hugo"]
[Result "0-1"]
[WhiteElo "1419"]
[BlackElo "1597"]
[PlyCount "96"]
[EventDate "2022.04.09"]

1. e4 c5 2. Nc3 e6 3. f4 a6 4. a4 Qc7 5. d4 cxd4 6. Qxd4 Nc6 7. Qf2 Nge7 8. Bc4
g6 9. Nf3 Bg7 10. Bd2 Nb4 11. Bb3 O-O 12. O-O d5 13. e5 b6 14. Qh4 Nf5 15. Qe1
Bb7 16. Ne2 Nxc2 17. Bxc2 Qxc2 18. Bc3 Qb3 19. Ra3 Qc4 20. Nd2 Qc6 21. Nd4 Nxd4
22. Bxd4 Rfc8 23. Qh4 b5 24. Rh3 h6 25. a5 Qc2 26. Nb3 Qc4 27. Rc3 Qa4 28.
Rxc8+ Rxc8 29. Qg3 b4 30. Nc5 Qb5 31. Nxb7 Qxb7 32. Qb3 Rc4 33. Rd1 Bf8 34. h4
Qb5 35. h5 Bc5 36. Bxc5 Qxc5+ 37. Kh1 Rxf4 38. Qg3 Qf2 39. Qxf2 Rxf2 40. hxg6
fxg6 41. b3 Re2 42. Rc1 Rxe5 43. Rc6 d4 44. Rxa6 d3 45. Ra8+ Kf7 46. a6 d2 47.
Rd8 Re1+ 48. Kh2 d1=Q 0-1

[Event "LEM M-V 2022"]
[Site "Neubrandenburg, Germany"]
[Date "2022.??.??"]
[Round "1.11"]
[White "Müller, Rosemarie"]
[Black "Hopp, Peter"]
[Result "0-1"]
[WhiteElo "1319"]
[BlackElo "1841"]
[PlyCount "50"]
[EventDate "2022.04.09"]

1. e4 d5 2. e5 c5 3. Nf3 Nc6 4. Nc3 e6 5. d4 cxd4 6. Nxd4 Nxe5 7. Bf4 Bd6 8.
Be2 Nf6 9. Bxe5 Bxe5 10. O-O Qc7 11. Ncb5 Qb6 12. c3 a6 13. Qa4 Bd7 14. Rad1
O-O 15. f4 axb5 16. Qb3 Bd6 17. Kh1 b4 18. Bd3 Ba4 19. Qxa4 Rxa4 20. Ra1 bxc3
21. bxc3 Rc8 22. Nb5 Bxf4 23. Rfb1 Qe3 24. Bc2 Ng4 25. Re1 Nf2+ 0-1

[Event "LEM M-V 2022"]
[Site "Neubrandenburg, Germany"]
[Date "2022.04.09"]
[Round "2.1"]
[White "Großmann, Piet"]
[Black "Westphal, Wolfgang"]
[Result "0-1"]
[WhiteElo "1971"]
[BlackElo "2145"]
[PlyCount "32"]
[EventDate "2022.04.09"]

1. e4 d5 2. exd5 Qxd5 3. Nc3 Qa5 4. d4 c6 5. Nf3 Nf6 6. Bc4 Bf5 7. Bd2 e6 8.
Qe2 Bb4 9. O-O-O Nd5 10. Ne4 Bxe4 11. Qxe4 Bxd2+ 12. Rxd2 Nd7 13. Bb3 N7f6 14.
Qe5 b5 15. Qd6 Rc8 16. Ne5 Qxd2+ 0-1

[Event "LEM M-V 2022"]
[Site "Neubrandenburg, Germany"]
[Date "2022.04.09"]
[Round "2.3"]
[White "Gebert-Vangeel, Ralf"]
[Black "Patzenhauer, Max"]
[Result "1/2-1/2"]
[WhiteElo "2061"]
[BlackElo "1938"]
[PlyCount "123"]
[EventDate "2022.04.09"]

1. e4 e6 2. d4 d5 3. Nc3 Nf6 4. Bg5 Bb4 5. e5 h6 6. Be3 Ne4 7. a3 Bxc3+ 8. bxc3
c5 9. Bd3 Nxc3 10. Qg4 Kf8 11. dxc5 Nc6 12. Nf3 Ne4 13. O-O f5 14. exf6 Nxf6
15. Qg3 Bd7 16. Rab1 Qc8 17. Nh4 Be8 18. Bg6 Ne7 19. Qd6 Qc6 20. Bxe8 Kxe8 21.
Rfe1 Rd8 22. Qe5 Kf7 23. Bd4 Rd7 24. Rb3 Re8 25. Rbe3 Nf5 26. Nxf5 exf5 27.
Qxf5 Rde7 28. Bxf6 Qxf6 29. Qxd5+ Kf8 30. Rf1 Re5 31. Qxb7 Qe7 32. Qb3 Qxc5 33.
Rf3+ Rf5 34. Qb4 Ree5 35. Rxf5+ Rxf5 36. h3 a5 37. Qb8+ Kf7 38. Qb3+ Kf8 39. g4
Rf6 40. Qb8+ Kf7 41. Qb3+ Kf8 42. Qd3 h5 43. Qe3 Qc6 44. Re1 hxg4 45. hxg4 Kg8
46. Qb3+ Kh7 47. Re3 Rf4 48. Rh3+ Kg6 49. Qd3+ Qe4 50. Qd6+ Rf6 51. Qd1 Rf4 52.
Rg3 Qe6 53. Kg2 Qc6+ 54. f3 Rc4 55. Qd3+ Kf7 56. g5 Rxc2+ 57. Kh3 Qc8+ 58. Rg4
Qh8+ 59. Rh4 Rh2+ 60. Kxh2 Qxh4+ 61. Kg2 Qxg5+ 62. Kf2 1/2-1/2

[Event "LEM M-V 2022"]
[Site "Neubrandenburg, Germany"]
[Date "2022.04.09"]
[Round "2.4"]
[White "Schulz, Karsten"]
[Black "Tovmasyan, Minas"]
[Result "1-0"]
[WhiteElo "2301"]
[BlackElo "1846"]
[PlyCount "79"]
[EventDate "2022.04.09"]

1. Nf3 b6 2. g3 Bb7 3. Bg2 c5 4. c4 g6 5. Nc3 Bg7 6. O-O Nf6 7. Re1 O-O 8. e4
d6 9. d4 cxd4 10. Nxd4 Nbd7 11. e5 dxe5 12. Bxb7 exd4 13. Bxa8 dxc3 14. Bg2
cxb2 15. Bxb2 Re8 16. Bc6 Qc7 17. Bb5 e5 18. Ba3 Re6 19. Bxd7 Nxd7 20. Rc1 Bf8
21. Bxf8 Kxf8 22. Qd5 Nc5 23. Rcd1 Kg7 24. Qa8 e4 25. Rd8 Qe7 26. Re3 Rd6 27.
Rxd6 Qxd6 28. Qxa7 Qd1+ 29. Kg2 Nd3 30. Qxb6 Ne1+ 31. Rxe1 Qxe1 32. Qd4+ Kg8
33. c5 Qe2 34. c6 Qf3+ 35. Kg1 e3 36. Qxe3 Qxc6 37. h4 h5 38. Qa7 Qc1+ 39. Kh2
g5 40. Qe3 1-0

[Event "LEM M-V 2022"]
[Site "Neubrandenburg, Germany"]
[Date "2022.04.09"]
[Round "2.5"]
[White "Schreiber, Kevin"]
[Black "Helms, Sven"]
[Result "1-0"]
[WhiteElo "2017"]
[BlackElo "1933"]
[PlyCount "57"]
[EventDate "2022.04.09"]

1. c4 e6 2. g3 f5 3. Bg2 Nf6 4. b3 d5 5. Bb2 c6 6. d3 Be7 7. Nd2 O-O 8. Ngf3 b5
9. O-O Qb6 10. cxd5 cxd5 11. e4 dxe4 12. dxe4 Bb7 13. exf5 exf5 14. Nd4 Bxg2
15. Kxg2 Bb4 16. a3 Bxd2 17. Qxd2 Rd8 18. Qf4 g6 19. Rac1 Nbd7 20. Rc6 Qb8 21.
Qg5 Qe5 22. Re6 Qd5+ 23. f3 Re8 24. Rxf6 Nxf6 25. Qxf6 Rf8 26. Qh8+ Kxh8 27.
Nxf5+ Rf6 28. Bxf6+ Kg8 29. Ne7+ 1-0

[Event "LEM M-V 2022"]
[Site "Neubrandenburg, Germany"]
[Date "2022.04.09"]
[Round "2.6"]
[White "Wolter, Günter"]
[Black "Fromm, Marius"]
[Result "0-1"]
[WhiteElo "1819"]
[BlackElo "2341"]
[PlyCount "60"]
[EventDate "2022.04.09"]

1. e4 c5 2. Nc3 d6 3. g3 g6 4. Bg2 Bg7 5. f4 Nc6 6. Nf3 e6 7. O-O Nge7 8. d3
O-O 9. Rb1 Rb8 10. Ne2 b5 11. c3 b4 12. c4 d5 13. e5 Qa5 14. Ra1 Rd8 15. Qc2 b3
16. Qc3 Qa4 17. a3 Ba6 18. cxd5 Nxd5 19. Qd2 c4 20. Nc3 Nxc3 21. Qxc3 Rxd3 22.
Qe1 c3 23. Rf2 c2 24. Bd2 Nd4 25. Nxd4 Qxd4 26. Bf1 Rxd2 27. Qxd2 Qxb2 28. Bxa6
Qxa1+ 29. Rf1 Qxf1+ 30. Kxf1 b2 0-1

[Event "LEM M-V 2022"]
[Site "Neubrandenburg, Germany"]
[Date "2022.04.09"]
[Round "2.7"]
[White "Schreiber, Felix"]
[Black "Knoop, Sascha"]
[Result "1-0"]
[WhiteElo "1984"]
[BlackElo "1830"]
[PlyCount "87"]
[EventDate "2022.04.09"]

1. d4 Nf6 2. Nf3 g6 3. c4 Bg7 4. d5 d6 5. Nc3 O-O 6. e4 Nbd7 7. Be2 Nc5 8. Qc2
a5 9. O-O Ng4 10. Bd2 f5 11. Bd3 Nxd3 12. Qxd3 fxe4 13. Qxe4 Bf5 14. Qe2 Ne5
15. Nxe5 Bxe5 16. Bg5 Bf6 17. Bxf6 exf6 18. Rfe1 Re8 19. Qd2 Qd7 20. f3 g5 21.
Rxe8+ Rxe8 22. Re1 Kf7 23. Nb5 Rxe1+ 24. Qxe1 b6 25. Nd4 Qc8 26. Kf2 Bd7 27.
Qb1 Kg7 28. Qe4 Qf8 29. g4 Qf7 30. Ke3 h5 31. h3 hxg4 32. hxg4 Kf8 33. f4 gxf4+
34. Kxf4 Qg7 35. Ne6+ Bxe6 36. Qxe6 Qe7 37. Qxe7+ Kxe7 38. Kf5 Kf7 39. a4 Kg7
40. Ke6 Kg6 41. Kd7 Kg5 42. Ke6 Kg6 43. b3 Kg5 44. Kf7 1-0

[Event "LEM M-V 2022"]
[Site "Neubrandenburg, Germany"]
[Date "2022.04.09"]
[Round "2.8"]
[White "Onasch, Gunnar"]
[Black "Kriese, Ralf"]
[Result "1/2-1/2"]
[WhiteElo "1822"]
[BlackElo "1700"]
[PlyCount "64"]
[EventDate "2022.04.09"]

1. d4 d5 2. c4 dxc4 3. Nc3 c5 4. d5 e6 5. e4 Nf6 6. Bxc4 exd5 7. exd5 Bd6 8.
Nge2 a6 9. a4 Bf5 10. Bf4 O-O 11. O-O Bxf4 12. Nxf4 Qd6 13. Nd3 b6 14. h3 Nbd7
15. Re1 Rfe8 16. Rxe8+ Nxe8 17. Qf3 Bxd3 18. Bxd3 Ne5 19. Qe2 Nxd3 20. Qxd3 Nc7
21. Re1 g6 22. Ne4 Qe5 23. d6 Ne6 24. Qf3 Kg7 25. Rd1 Nd4 26. Qe3 f5 27. Qg5
Qxe4 28. d7 Ne6 29. Qe7+ Kh6 30. d8=Q Nxd8 31. Qf8+ Kg5 32. Rxd8 Rxd8 1/2-1/2

[Event "LEM M-V 2022"]
[Site "Neubrandenburg, Germany"]
[Date "2022.04.09"]
[Round "2.1"]
[White "Hopp, Peter"]
[Black "Kunow, Frank"]
[Result "0-1"]
[WhiteElo "1841"]
[BlackElo "1907"]
[PlyCount "130"]
[EventDate "2022.04.09"]

1. e4 d5 2. exd5 Nf6 3. Nc3 Nxd5 4. Nxd5 Qxd5 5. Nf3 Bg4 6. Be2 Nc6 7. h3 Bh5
8. O-O e5 9. d3 O-O-O 10. Be3 f6 11. c3 g5 12. d4 g4 13. hxg4 Bxg4 14. Nh4 Bxe2
15. Qxe2 Qe4 16. Qh5 exd4 17. cxd4 Kb8 18. Nf3 Rg8 19. Rfe1 Rd5 20. Qf7 Qg6 21.
Qxg6 hxg6 22. g3 Bb4 23. Red1 Ne7 24. Rd3 Bd6 25. Kg2 Nf5 26. Rh1 b6 27. Rh7
Re8 28. Nh4 Ne7 29. Rg7 g5 30. Nf3 Nf5 31. Rf7 Re6 32. Bd2 c5 33. Bc3 g4 34.
Nh2 Nh6 35. Rh7 f5 36. Nf1 f4 37. gxf4 Bxf4 38. Ne3 Bxe3 39. Rxe3 Rxe3 40. fxe3
cxd4 41. exd4 Nf5 42. Rh8+ Kb7 43. Rg8 Kc6 44. Kf2 g3+ 45. Kf3 Nxd4+ 46. Ke4
Ne2 47. Be5 Rd1 48. Bxg3 Rg1 49. Kf3 Nd4+ 50. Ke4 Ne6 51. Rc8+ Kb5 52. Be5 Nc5+
53. Ke3 Re1+ 54. Kd4 Re2 55. Kd5 Rd2+ 56. Bd4 Na4 57. b3 Nc5 58. Rc7 a5 59. Rc8
Rxa2 60. Bxc5 Rc2 61. Kd4 Rc1 62. Rg8 Rxc5 63. Rb8 Rc6 64. Kd5 Rh6 65. Kd4 Kb4
0-1

[Event "LEM M-V 2022"]
[Site "Neubrandenburg, Germany"]
[Date "2022.04.09"]
[Round "2.2"]
[White "Herrmann, Jakob"]
[Black "Marzisch, Darius"]
[Result "1/2-1/2"]
[WhiteElo "1612"]
[BlackElo "1615"]
[PlyCount "38"]
[EventDate "2022.04.09"]

1. e4 e6 2. d4 b6 3. Nc3 Bb7 4. Bd3 d5 5. Nf3 Nf6 6. e5 Ne4 7. Nd2 Nxd2 8. Bxd2
c5 9. Qg4 Nc6 10. Bb5 a6 11. Bxc6+ Bxc6 12. Ne2 Bb5 13. c3 Bd3 14. h4 h5 15.
Qg3 c4 16. Nf4 Bf5 17. Nh3 b5 18. f3 a5 19. a3 Rb8 1/2-1/2

[Event "LEM M-V 2022"]
[Site "Neubrandenburg, Germany"]
[Date "2022.04.09"]
[Round "2.3"]
[White "Birkholz, Karl Lukas"]
[Black "Bartel, Jethro Aldrich"]
[Result "1/2-1/2"]
[WhiteElo "1616"]
[BlackElo "1592"]
[PlyCount "109"]
[EventDate "2022.04.09"]

1. e4 c5 2. Nf3 d6 3. d4 cxd4 4. Nxd4 Nf6 5. Nc3 Nc6 6. Bb5 Bd7 7. O-O e5 8.
Nf3 Be7 9. Re1 O-O 10. Bg5 Bg4 11. Be2 Qb6 12. Bxf6 Bxf6 13. Qxd6 Be7 14. Qd2
Bc5 15. Rf1 Bxf3 16. Bxf3 Nd4 17. Qd3 Qg6 18. Ne2 Ne6 19. Rad1 Ng5 20. Ng3 Qb6
21. Qb3 Nxf3+ 22. gxf3 Qf6 23. Kg2 Qg5 24. Rd5 Bb6 25. a4 h5 26. Kh1 h4 27. Nf5
g6 28. Rxe5 Qf4 29. Ne7+ Kh7 30. Rb5 Bc7 31. e5 Bxe5 32. Rxe5 Qxe5 33. Nd5 Qe2
34. Kg2 h3+ 35. Kg1 Rad8 36. Nf4 Qe7 37. Nxh3 Rh8 38. f4 Kg8 39. Ng5 Rd4 40.
Qe3 Qxe3 41. fxe3 Rd2 42. Rf2 Rxf2 43. Kxf2 Rxh2+ 44. Kf3 Rxc2 45. b4 Rc4 46.
Ne4 Rxb4 47. a5 Rxe4 48. Kxe4 b6 49. axb6 axb6 50. Kd4 Kg7 51. e4 Kf6 52. Kd5
g5 53. e5+ Kf5 54. fxg5 Kxg5 55. e6 1/2-1/2